Où vont les joueurs lors de leur départ du MHSC ? - Statistiques

Statistiques générales
  • Ce quiz a été pris 109 fois
  • Le résultat moyen est 21 sur 82
Statistiques - réponses
Pays Joueur Club % Correct
France Andy Delort OGC Nice
90%
Allemagne Nordi Mukiele RB Leipzig
84%
France Morgan Sanson Olympique de Marseille
81%
France Benjamin Lecomte AS Monaco
75%
France Ruben Aguilar AS Monaco
75%
Allemagne Florent Mollet Schalke 04
70%
Allemagne Ellyes Skhiri 1.FC Cologne
69%
Allemagne Jérôme Roussillon VFL Wolfsburg
69%
France Quentin Cornette Amiens SC
58%
France Baptiste Valette AS Saint-Etienne
53%
France Bryan Dabo AS Saint-Etienne
53%
Angleterre Olivier Giroud Arsenal FC
46%
Angleterre Steve Mounié Huddersfield FC
42%
Angleterre Isaac Mbenza Huddersfield FC
42%
Espagne Jonas Martin Real Betis
41%
Espagne Ryad Boudebouz Real Betis
41%
France Victor Hugo Montano Stade Rennais FC
41%
France Johann Carrasso Stade Rennais FC
41%
France Anthony Ribelin Stade Rennais FC
41%
France Gaëtan Laborde Stade Rennais FC
41%
Angleterre Benjamin Stambouli Tottenham FC
40%
Emirats Arabes-Unis Marco Estrada Al-Wahda FC
39%
France Jonathan Tinhan Istres FC
39%
France Bastian Badu Le Mans FC
39%
Chypre Kévin Berigaud Pafos FC
39%
Portugal Mihailo Ristic SL Benfica
39%
France Clément Vidal AC Ajaccio
35%
France Geoffrey Jourdren AS Nancy
35%
Ukraine Younès Belhanda Dynamo Kiev
31%
France Rémy Cabella LOSC
29%
France Geoffrey Dernis Stade Brestois
28%
France Paul Lasne Stade Brestois
28%
France Joris Marveaux GFC Ajaccio
27%
France Henri Bedimo Olympique Lyonnais
27%
France Fodé Koita SM Caen
27%
France Casimir Ninga SM Caen
27%
France Gaëtan Charbonnier Stade de Reims
25%
France Yassine Jebour SC Bastia
24%
France Nicolas Saint-Ruf SC Bastia
24%
France Kylian Kaiboue SC Bastia
24%
Italie Junior Sambia Salernitana
23%
France Bryan Passi Chamois Niortais
20%
France Bilal Boutobba Chamois Niortais
20%
France Samy Benchamma Chamois Niortais
20%
France Daniel Congré Dijon FCO
20%
France Mathieu Deplagne Estac Troyes
20%
Angleterre Mapou Yanga-Mbiwa Newcastle United
20%
Angleterre Rémy Cabella Newcastle United
20%
France Morgan Poaty EA Guingamp
19%
France Jamel Saihi Angers SCO
18%
Grèce Damien Le Tallec AEK Athènes
17%
France Gary Bocaly AC Arles
12%
France Thibaut Vargas LB Châteauroux
11%
Italie Anthony Mounier FC Bologna
8%
Espagne Emir Spahic FC Sevilla
8%
Pologne William Rémy Legia Varsovie
7%
Italie Abdelhamid El Kaoutari FC Palermo
6%
Turquie John Utaka Sivasspor
6%
France Florian Sotoca Grenoble Foot
5%
Afrique du sud Keagan Dolly Kaizer Chiefs
5%
Espagne Tino Costa Valencia CF
4%
France Romain Armand Clermont Foot
2%
France Grégory Lacombe Clermont Foot
2%
République Tchèque Lukas Pokorny Slavia Prague
2%
Russie Amir Adouyev Akhmat Grozny
1%
Equateur Emmanuel Herrera CS Emelec
1%
Belgique Teddy Mézague Excel Mouscron
1%
Turquie Stéphane Sessegnon Genclerbirligi
1%
Turquie Giovanni Sio Genclerbirligi
1%
Bulgarie Jean Deza Levski Sofia
1%
Argentine Dylan Gissi Rosario Central
1%
Mexique Victor Hugo Montano Toluca
1%
Corée du Sud Il-Lok Yun Ulsan Hyundai
1%
France Mamadou N'Diaye US Avranches
1%
France Lilian Compan AS Cannes
0%
Allemagne Mickael Nelson Babelsberg 03
0%
Belgique Djamel Bakar Charleroi RSC
0%
Suisse Sébastien Wüthrich FC Aarau
0%
Andorre Alexandre Llovet Lusitanos
0%
Turquie Hasan Kabze Orduspor
0%
Azerbaïdjan Petar Skuletic Sabah FK
0%
France Anthony Scribe USC Corte
0%
Aucun quiz correspondant
Distribution des résultats
% des personnes avec chaque résultat
Percentile par nombre de réponses
Votre historique - résultats
Vous n’avez pas pris ce quiz